| 000 | 00925nam a22002537a 4500 | ||
|---|---|---|---|
| 005 | 20220215093350.0 | ||
| 008 | 220214b ||||| |||| 00| 0 eng d | ||
| 020 | _a9780297645979 | ||
| 040 | _cAL | ||
| 041 | _aeng | ||
| 082 |
_223 _a152.335 _bMCMR |
||
| 100 |
_aChris Mcmanus _919864 |
||
| 245 |
_aRight Hand, Left Hand: _bThe Origins of A Symmetry in Brains, Bodies, Atoms and Cultures |
||
| 260 |
_aLondon _bWeidenfiedl and Nicolson _c2002 |
||
| 300 |
_axix,412 p. _bHB |
||
| 365 |
_b20.00 _c£ _d20.00 |
||
| 520 | _aWinner of the Aventis Science Book Prize. 'A scientific detective story, a brilliant cross between Edgar Allan Poe and Gray's anatomy' J G Ballard, New Stateman Books of the Year | ||
| 650 |
_aPsychology _919601 |
||
| 650 |
_aCerebral Dominance _919602 |
||
| 650 |
_aLaterality _919603 |
||
| 650 |
_aRight hand and Left Handedness _919604 |
||
| 700 |
_aMCMANUS (Chris) _919605 |
||
| 942 |
_2ddc _cGF |
||
| 999 |
_c221497 _d221497 |
||